Quel avenir pour l'amélioration des plantes ? (Record no. 21838)
[ view plain ]
| 000 -LEADER | |
|---|---|
| fixed length control field | 00632 a2200205 4500 |
| 100 ## - VEDETTE PRINCIPALE - NOM DE PERSONNE | |
| Personal name | DUBOIS, J. |
| 130 ## - VEDETTE PRINCIPALE - TITRE UNIFORME | |
| Language of a work | Fr |
| 260 ## - PUBLICATION, DISTRIBUTION, ETC. (IMPRINT) | |
| Place of publication, distribution, etc | Londres |
| 260 ## - PUBLICATION, DISTRIBUTION, ETC. (IMPRINT) | |
| Name of publisher, distributor, etc | J. Libbey Eurotext |
| 245 ## - TITLE STATEMENT | |
| Title | Quel avenir pour l'amélioration des plantes ? |
| 260 ## - PUBLICATION, DISTRIBUTION, ETC. (IMPRINT) | |
| Date of publication, distribution, etc | 1995 |
| 300 ## - PHYSICAL DESCRIPTION | |
| Extent | XVII-513p. |
| 440 ## - SERIES STATEMENT/ADDED ENTRY--TITLE | |
| Title | (universités francophones. Actualité scientifique) |
| 650 ## - SUBJECT ADDED ENTRY--TOPICAL TERM | |
| Topical term or geographic name as entry element | AMELIORATION DES PLANTES |
| 711 ## - ADDED ENTRY--MEETING NAME | |
| Date of meeting | 18-21 octobre 1993 |
| 711 ## - ADDED ENTRY--MEETING NAME | |
| Location of meeting | Namur |
| 711 ## - ADDED ENTRY--MEETING NAME | |
| Meeting name or jurisdiction name as entry element | Quatrième journées scientifiques du réseau biotechnologies végétales de l'UREF (université des réseaux d'expression française) |
| Withdrawn status | Lost status | Damaged status | Not for loan | Location (home branch) | Sublocation or collection (holding branch) | Date acquired | Koha issues (times borrowed) | Koha full call number | Koha date last seen | Copy number | Price effective from | Koha item type | Public note |
|---|---|---|---|---|---|---|---|---|---|---|---|---|---|
| Bibliothèque-Centre de Documentation de la Faculté des Sciences Agronomiques | Bibliothèque-Centre de Documentation de la Faculté des Sciences Agronomiques | PV.1995.005 | 27/02/2009 | 1 | 27/02/2009 | Livre | A.6267 |